000 00566nam a2200181Ia 4500
999 _c16777
_d16777
082 _aTA.0275
100 _aArora, Kavita
245 0 _aManagement of tropical forests : a case study of Indonesia
260 _c2002
_bJawaharlal Nehru University, New Delhi
300 _axi, 179
504 _aincludes appendices and bibliography
650 _aTropics
_vIndonesia
650 _aForests and forestry
_vIndonesia
650 _aForest management
_vIndonesia
_vCitizen participation
650 _aForest policy
_vIndonesia
710 _aDeora, S.S.
942 _cTH
_2ddc